Фабричные паровые котлы, устройство их и уход за ними: систематическое руководство для машинистов, мастеров и владельцев паровых котлов, а также воспитаников технических и ремесленных школ

Detalhes bibliográficos
Autor principal: Борович Л. А.
Resumo:Текст в русской дореформенной орфографии
Idioma:russo
Publicado em: Москва, Типо-литография Т-ва И. Н. Кушнерев и К, 1893
Assuntos:
Formato: Livro
KOHA link:https://koha.lib.tpu.ru/cgi-bin/koha/opac-detail.pl?biblionumber=358335

MARC

LEADER 00000nam0a2200000 4500
001 358335
005 20231102011101.0
035 |a (RuTPU)RU\TPU\retro\15603 
035 |a RU\TPU\book\308336 
090 |a 358335 
100 |a 20200814d1901 m y0rusy50 ca 
101 0 |a rus 
102 |a RU 
105 |a a j 000zy 
200 1 |a Фабричные паровые котлы, устройство их и уход за ними  |e систематическое руководство для машинистов, мастеров и владельцев паровых котлов, а также воспитаников технических и ремесленных школ  |f Л. А. Борович 
210 |a Москва  |c Типо-литография Т-ва И. Н. Кушнерев и К  |c Издание М. А. Нетыкса  |d 1893 
215 |a 420 с.  |c с 172 политипажами в тексе 
300 |a Текст в русской дореформенной орфографии 
606 1 |a Паровые котлы  |2 stltpush  |3 (RuTPU)RU\TPU\subj\71412  |9 85333 
610 1 |a теплота 
610 1 |a пар 
610 1 |a теплопроводность 
610 1 |a устройство 
610 1 |a обслуживание 
610 1 |a виды 
610 1 |a системы 
610 1 |a неполадки 
610 1 |a взрывы 
610 1 |a арматура 
610 1 |a меры предосторожности 
610 1 |a практические руководства 
675 |a 621.181(07)  |v 3 изд. 
700 1 |a Борович  |b Л. А. 
801 1 |a RU  |b 63413507  |c 20150212 
801 2 |a RU  |b 63413507  |c 20201012  |g RCR 
942 |c BK